| 000 | 00000nam##2200000za#4500 |
| 001 | 9.536858 |
| 003 | CaOODSP |
| 005 | 20210615084505 |
| 007 | ta |
| 008 | 150406|2002||||xxc||||| f|0| 0 eng|d |
| 020 | |a0-660-62126-6 |
| 040 | |aCaOODSP|beng |
| 041 | |aeng |
| 041 | |afre |
| 043 | |an-cn--- |
| 086 | 1 |aBT31-4/51-2002 |
| 110 | 1 |aCanada. |bTreasury Board. |
| 245 | 10|aNational Film Board |
| 260 | |aOttawa - Ontario : |bTreasury Board of Canada Secretariat |c2002. |
| 300 | |a54p. : |btables ; |c28 cm. |
| 490 | 1 |aPerformance report for the period ending March 31, 2002 |
| 563 | |aSoftcover |
| 590 | |a02-46|b2002-11-15 |
| 690 | 07|aEstimates|2gcpds |
| 690 | 07|aFederal institutions|2gcpds |
| 690 | 07|aFilm industry|2gcpds |
| 776 | 0#|tNational Film Board, performance report for the period ending March 31, 2002 |w(CaOODSP)9.572986 |
| 776 | 0#|tOffice national du film, rapport sur le rendement pour la période se terminant le 31 mars 2002 |w(CaOODSP)9.603230 |
| 792 | |tOffice national du film |efre|w(CaOODSP)9.536859 |
| 830 | #0|aPerformance report for the period ending March 31, 2002.|w(CaOODSP)9.510738 |